• 首页
  • 本馆介绍
  • 公告通知
  • 最新文献
  • 馆藏检索
  • 电子资源
  • 读者导购
  • 参考咨询
  • 我的图书馆
  • 登录
  • 详细信息显示
  • 放入我的书架
  • 预约/预借图书
  • 作者相关作品
  • 分类相关作品
  • 丛书相关作品
  • 出版社相关作品

书目信息

  • 表格格式
  • 工作单格式
  • 卡片格式
题名:
多汁饲料
    
 
作者: 迪曼 , Дыман 著 ;庄庆士 译
分册:  
出版信息: 南京   畜牧兽医图书出版社  1956
页数: 78页
开本: 19cm
丛书名:
单 册:
中图分类: S816.8
科图分类:
主题词: 多汁饲料
电子资源:
ISBN: 16101.3
000 00713cam0 2200253 450
001 0105411720
005 20060821143655.0
010    @a16101.3@dCNY0.37
091    @a16101.3@dCNY0.37
100    @a19961012d1956 em y0chiy0110 ea
101 1  @achi@crus
102    @aCN@b320000
105    @ay z 000yy
106    @ar
200 1  @a多汁饲料@9Duo Zhi Si Liao @f(苏)迪曼(В.К.Дыман)等著@g庄庆士译@b专著
210    @a南京@c畜牧兽医图书出版社@d1956
215    @a78页@d19cm
606 0  @a多汁饲料
690    @aS816.8@v3
701  1 @a迪曼@9di man@bВ.К.@4著
701  1 @aДыман@bВ.К.@4著
702  0 @a庄庆士@9zhuang qing shi@4译
801  0 @aCN@bAiZhiMarc
905    @aBZT@dS816.8@e96@f1@sS816.8/96
    
    多汁饲料/(苏)迪曼(В.К.Дыман)等著/庄庆士译.-南京:畜牧兽医图书出版社,1956
    78页;19cm
    
    
    ISBN 16101.3:CNY0.37
    
●
相关链接 在五车中查询图书 在当当中查询图书 在豆瓣中查询图书


正题名:多汁饲料     索取号:S816.8/96         预约/预借

序号 登录号 条形码 馆藏地/架位号 状态 备注
1 2000124860   2000124860   旧书回溯/ [索取号:S816.8/96] 在馆    
山东省滨州职业学院图书馆 欢迎您!
大连网信软件有限公司© 版权所有